|
|
|
|
| LEADER |
00000nam0a2200000 4500 |
| 001 |
268483 |
| 005 |
20231101234154.0 |
| 035 |
|
|
|a (RuTPU)RU\TPU\book\291634
|
| 090 |
|
|
|a 268483
|
| 100 |
|
|
|a 20140903d1987 k y0rusy50 ca
|
| 101 |
0 |
|
|a rus
|
| 102 |
|
|
|a RU
|
| 105 |
|
|
|a a z 001zy
|
| 200 |
1 |
|
|a Вулканический шлак и пемза, их месторождения и генезис
|e [монография]
|f В. В. Наседкин [и др.]
|g Академия наук СССР (АН СССР), Институт рудных месторождений, петрографии, минералогии и геохимии ; отв. ред. В. П. Петров
|
| 210 |
|
|
|a Москва
|c Наука
|d 1987
|
| 215 |
|
|
|a 128 с.
|c ил.
|
| 320 |
|
|
|a Библиогр.: с. 125-127
|
| 606 |
1 |
|
|a Горные породы, эффузивные
|x Месторождения
|2 stltpush
|3 (RuTPU)RU\TPU\subj\8176
|9 35652
|
| 610 |
1 |
|
|a пористые вулканические породы
|
| 610 |
1 |
|
|a вещественный состав
|
| 610 |
1 |
|
|a свойства
|
| 610 |
1 |
|
|a промышленное использование
|
| 610 |
1 |
|
|a эксплозивный вулканизм
|
| 610 |
1 |
|
|a вулканические шлаки
|
| 610 |
1 |
|
|a пемза
|
| 610 |
1 |
|
|a ксенолиты
|
| 610 |
1 |
|
|a магма
|
| 610 |
1 |
|
|a генезис
|
| 610 |
1 |
|
|a включения
|
| 610 |
1 |
|
|a монографии
|
| 675 |
|
|
|a 553.53
|v 3
|
| 701 |
|
1 |
|a Наседкин
|b В. В.
|
| 701 |
|
1 |
|a Соловьева
|b Т. Н.
|
| 701 |
|
1 |
|a Гараев
|b А. М.
|
| 701 |
|
1 |
|a Магер
|b А. В.
|
| 702 |
|
1 |
|a Петров
|b В. П.
|4 340
|
| 712 |
0 |
2 |
|a Академия наук СССР (АН СССР)
|b Институт геологии рудных месторождений, петрографии, минералогии и геохимии (ИГЕМ)
|c (Москва)
|2 stltpush
|3 (RuTPU)RU\TPU\col\11398
|
| 801 |
|
1 |
|a RU
|b 63413507
|c 20140903
|
| 801 |
|
2 |
|a RU
|b 63413507
|c 20170220
|g RCR
|
| 942 |
|
|
|c BK
|